Oeuvres / (Record no. 159877)
[ view plain ]
| 000 -LEADER | |
|---|---|
| campo de control de longitud fija | 01052nam a2200229 i 4500 |
| 001 - NÚMERO DE CONTROL | |
| campo de control | 159877 |
| 003 - IDENTIFICADOR DE NÚMERO DE CONTROL | |
| campo de control | ES-MaACL |
| 005 - FECHA Y HORA DE LA ÚLTIMA TRANSACCIÓN | |
| campo de control | 20250918063039.0 |
| 008 - DATOS DE LONGITUD FIJA--INFORMACIÓN GENERAL | |
| campo de control de longitud fija | 931025s1799 fr |||| | fre d |
| 040 ## - FUENTE DE CATALOGACIÓN | |
| Centro catalogador/agencia de origen | CAM |
| Lengua de catalogación | spa |
| Centro/agencia transcriptor | PAB |
| 100 1# - ENTRADA PRINCIPAL--NOMBRE DE PERSONA | |
| Nombre de persona | Molière, |
| Fechas asociadas al nombre | 1622-1673 |
| 9 (RLIN) | 81873 |
| 245 10 - MENCIÓN DEL TÍTULO | |
| Título | Oeuvres / |
| Mención de responsabilidad, etc. | de J.B. Poquelin de Moliere ; tome cinquieme. |
| 250 ## - MENCION DE EDICION | |
| Mención de edición | Edition stereotype. |
| 260 ## - PUBLICACIÓN, DISTRIBUCIÓN, ETC. | |
| Lugar de publicación, distribución, etc. | A Paris : |
| Nombre del editor, distribuidor, etc. | De L'Imprimerie de P. Didot L'Aímé..., |
| Fecha de publicación, distribución, etc. | au VII. |
| 300 ## - DESCRIPCIÓN FÍSICA | |
| Extensión | 274 p. ; |
| Dimensiones | 12º. |
| 505 8# - NOTA DE CONTENIDO CON FORMATO | |
| Nota de contenido con formato | Contiene: Le Tartufe, P. 6-108. ; Amphitryon, P. 109-193. ; George Dandin ou le Mari Coinfondu, P. 195-274. |
| 596 ## - NOTA AL PIE DE IMPRENTA | |
| NOTA AL PIE DE IMPRENTA | La fecha : au VII de la Revolución francesa equivale al año 1799. |
| 597 ## - NOTA DE DESCRIPCIÓN FÍSICA | |
| NOTA DE DESCRIPCIÓN FÍSICA | Antep. |
| 597 ## - NOTA DE DESCRIPCIÓN FÍSICA | |
| NOTA DE DESCRIPCIÓN FÍSICA | Sign.: [ ]2, 1-23 6. |
| 852 ## - LOCALIZACIÓN | |
| Ubicación | ES-MaACL |
| Número de control de estantería | R-629 |
| Nota libre | -- Enc. pasta española con hierros dorados |
| Encuadernación | -- Edic.: las pp. son 274, [1], [1] en bl. -- En este ejemp. en pie de imp. consta : A Paris : de l'imprimerie et fonderie... de Pierre Didot l'Aîné et de Firmin Didot , An VII [1799] |
| Estatus retirado | Estado de pérdida | Estado de daño | No para préstamo | Biblioteca de origen | Biblioteca actual | Ubicación en estantería | Fecha de adquisición | Fuente de adquisición | Total de préstamos | Signatura topográfica completa | Código de barras | Visto por última vez | Precio de reemplazo | Tipo de ítem Koha |
|---|---|---|---|---|---|---|---|---|---|---|---|---|---|---|
| Biblioteca del Ateneo de Madrid | Biblioteca del Ateneo de Madrid | Depósito | 17/01/2008 | R-629 | 1167368 | 23/02/2023 | 23/02/2023 | Libro impreso |
